00871naa#a2200193#i#4500001002200000005001700022011001400039100004100053102000700094200013500101210005100236215001100287608002700298675023600325700003200561700005200593700001800645856001400663EN\INFRA-M\bibl\5563220260514180547.4##a2500-3291##a20221014b2022####ek#y0engy0150####ca##aRU1#aRecommended strategic decisions for business entities under various combinations of the impact of business cycleseJournal article1#aMoscowcINFRA-M Academic Publishing LLC.d2022##a12 с.##aJournal article2local##aЭкономические науки в целом. Политическая экономия. 330aТорговля. Международные экономические отношения. Мировое хозяйство. 339#1aTebekingAlexey Vasilyevich#1aMitropol'skaya-RodionovagNadezhda Vladimirovna#1aHorevagA. V.4#azh-szf.ru